| 000 | 01117cam a22002054a 4500 | ||
|---|---|---|---|
| 005 | 20250605163922.0 | ||
| 008 | 250528s ||||||||||||||||||||||||d | ||
| 035 | _a14438 | ||
| 040 |
_aGR-AtMCL _bgre _dGR-AtMCL _eAACR2 |
||
| 245 | 1 | _aAn Introduction to Mathematics of Finance / Second Edition | |
| 250 | _a2nd | ||
| 260 | _c1990 | ||
| 300 | _a188 | ||
| 520 | _aSimple Interest, Money, Credit, Simple Interest, The Principal, The Interest Rate, The Time Variable, The Amount, The Present Value, Equations of Value, Time Diagrams, The Comparison of Interest Rates, Bank Discount, Proceeds of Discounting, Promissory Notes, The Interest Rate versus the Discount Rate, Compound Interest, The Compound Interest Rate, The Number of Interest or Conversion Periods, The Compound Amount, The Frequency of Compounding, The Effective Rate of Interest, The Value of Currency, The Internal Rate of Return, Annuities, The Value of an Annuity, Types of Annuities, Finding the Rent, General Cae Annuities. | ||
| 700 | 1 |
_aAntoniades Inc. _996 |
|
| 700 | 1 |
_aNartis E.C _997 |
|
| 942 | _cBK | ||
| 999 |
_c71 _d71 |
||